Park Chan-Wook Filmgrapgy - Statistics

General Stats
  • This quiz has been taken 35 times
  • The average score is 6 of 11
Answer Stats
Hint Answer % Correct
2003 oldboy
100%
2016 the handmaiden
94%
2022 decision to leave
81%
2002 sympathy for mr. vengeance
71%
2009 thirst
55%
2013 stoker
42%
2005 sympathy for lady vengeance
39%
2006 im a cyborg, but thats okay
35%
1997 trio
16%
1992 the moon is ... the sun's dream
13%
2000 joint security area (JSA)
10%
No matching quizzes found
Score Distribution
Percent of People with Each Score
Percentile by Number Answered
Your Score History
You have not taken this quiz